000 00622nam a2200229Ia 4500
003 OSt
005 20230511161328.0
008 210423s2013 xx 000 0 und d
020 _a978-93-8015-601-9
040 _cAL
041 _aeng
082 _a547 AHLO
100 _aAHLUWALIA (V K)
_9103878
245 _aOrganic chemistry: fundamental concepts
260 _aNew Delhi
_bNarosa Publishing House
_c2013
300 _axiv,7.11
_bPB
365 _b335
_cINR
650 _aChemistry
_9103879
650 _aOrganic Chemistry
_9103880
906 _achemistry: ; concepts ; fundamental ; Organic
942 _2ddc
_cBK
999 _c166116
_d166116